Online
Catalog

China-Rep. Dominicana : (Record no. 48293)

MARC details
000 -CABECERA
campo de control de longitud fija 02241nam a2200361 i 4500
001 - NÚMERO DE CONTROL
campo de control 000048805
003 - IDENTIFICADOR DEL NÚMERO DE CONTROL
campo de control DO-SdBNP
005 - FECHA Y HORA DE LA ÚLTIMA TRANSACCIÓN
campo de control 20231213132557.0
008 - DATOS DE LONGITUD FIJA--INFORMACIÓN GENERAL
campo de control de longitud fija 190412s2016 dr ad 000 0 spa d
020 ## - NÚMERO INTERNACIONAL ESTÁNDAR DEL LIBRO
Número Internacional Estándar del Libro 9789945904505
040 ## - FUENTE DE LA CATALOGACIÓN
Centro catalogador/agencia de origen DO-SdBNP
Lengua de catalogación spa
Centro/agencia transcriptor BNPHU
Normas de descripción rda
082 #4 - NÚMERO DE LA CLASIFICACIÓN DECIMAL DEWEY
Número de clasificación 337.7293051
Número de documento/Ítem G261c
Número de edición 22
100 1# - ENTRADA PRINCIPAL--NOMBRE DE PERSONA
Nombre de persona Gatón Rosa, Iván Ernesto
9 (RLIN) 22520
Término indicativo de función/relación autor
245 10 - MENCIÓN DE TÍTULO
Título China-Rep. Dominicana :
Resto del título relaciones económicas internacionales /
Mención de responsabilidad, etc. Iván Ernesto Gatón Rosa ; prólogo Miguel Antonio Rodríguez Cabrer ; presentación Francisco Luis Pérez Exposito.
246 ## - FORMA VARIANTE DE TÍTULO
Título propio/Titulo breve China-República Dominicana : relaciones económicas internacionales
264 ## - PRODUCCIÓN, PUBLICACIÓN, DISTRIBUCIÓN, FABRICACIÓN Y COPYRIGHT
Producción, publicación, distribución, fabricación y copyright Santo Domingo :
Nombre del de productor, editor, distribuidor, fabricante Imprenta y Más,
Fecha de producción, publicación, distribución, fabricación o copyright 2016.
300 ## - DESCRIPCIÓN FÍSICA
Extensión 112 páginas :
Otras características físicas il., gráficas., tablas ;
Dimensiones 21 cm.
336 ## - TIPO DE CONTENIDO
Fuente rdacontent
Término de tipo de contenido texto
Código de tipo de contenido txt
337 ## - TIPO DE MEDIO
Fuente rdamedia
Nombre/término del tipo de medio sin mediación
Código del tipo de medio n
338 ## - TIPO DE SOPORTE
Fuente rdacarrier
Nombre/término del tipo de soporte volumen
Código del tipo de soporte nc
500 ## - NOTA GENERAL
Nota general Incluye referencias bibliográficas y notas al pie de las páginas
500 ## - NOTA GENERAL
Nota general Incluye datos biográficos del autor en la solapa de la cubierta
504 ## - NOTA DE BIBLIOGRAFÍA, ETC.
Nota de bibliografía, etc. Bibliografía : p. 103-105
505 0# - NOTA DE CONTENIDO CON FORMATO
Nota de contenido con formato Dedicatoria --
Título Aspectos introductorios --
Información miscelánea Capítulo I
Título Generalidades sobre promoción de las exportaciones y de las inversión extranjera --
Información miscelánea Capítulo II
Título Las relaciones de la República Dominicana con la República Popular China y la República de China (Taiwán) --
Información miscelánea Capítulo III
Título La etrategia nacional de desarrollo y sus implicaciones en la política exterior, de promoción de exportaciones y de inversión con uno de los principales mercados y megapotencia financiera del planeta --
Información miscelánea Capítulo IV
Título Acciones realizadas por la República Dominicana para promover sus exportaciones y captar inversión de la República Popular China en el período 2010-2015 --
590 ## - NOTA LOCAL (RLIN)
Nota local Inventariado, 2019/LP
650 #4 - PUNTO DE ACCESO ADICIONAL DE MATERIA--TÉRMINO DE MATERIA
Término de materia o nombre geográfico como elemento de entrada Economía internacional
651 #4 - PUNTO DE ACCESO ADICIONAL DE MATERIA--NOMBRE GEOGRÁFICO
Nombre geográfico República Dominicana
Subdivisión general Relaciones económicas exteriores
Subdivisión geográfica China
9 (RLIN) 74704
651 #4 - PUNTO DE ACCESO ADICIONAL DE MATERIA--NOMBRE GEOGRÁFICO
Nombre geográfico China
Subdivisión general Relaciones económicas exteriores
Subdivisión geográfica República Dominicana
9 (RLIN) 84045
700 1# - PUNTO DE ACCESO ADICIONAL--NOMBRE DE PERSONA
Nombre de persona Pérez Expósito, Francisco Luis,
Término indicativo de función/relación presentación
9 (RLIN) 76258
700 1# - PUNTO DE ACCESO ADICIONAL--NOMBRE DE PERSONA
Nombre de persona Rodríguez Cabrer, Miguel Antonio,
Término indicativo de función/relación pról.
9 (RLIN) 2259
910 ## - DATOS DE OPCIÓN DEL USUARIO (OCLC)
Datos de opción del usuario Validado. Control de calidad MFF
942 ## - ELEMENTOS DE PUNTO DE ACCESO ADICIONAL (KOHA)
Fuente del sistema de clasificación o colocación Dewey Decimal Classification
Tipo de ítem Koha Libro
Holdings
Estado de retiro Estado de pérdida Fuente del sistema de clasificación o colocación Restricciones de uso No para préstamo Código de colección Localización permanente Ubicación/localización actual Ubicación en estantería Fecha de adquisición Total de préstamos Signatura topográfica completa Código de barras Fecha visto por última vez Número de copia Precio válido a partir de Tipo de ítem Koha
    Dewey Decimal Classification Excluido de préstamo   Dominicana de Servicio Biblioteca Nacional Pedro Henríquez Ureña Biblioteca Nacional Pedro Henríquez Ureña Depósito 12.04.2019   BNPHU DS 337.7293051 G261c 48805-30 25.06.2020 e. 3 25.06.2020 Libro
    Dewey Decimal Classification Excluido de préstamo   Patrimonio Dominicano Biblioteca Nacional Pedro Henríquez Ureña Biblioteca Nacional Pedro Henríquez Ureña Depósito 12.04.2019   BNPHU PD 337.7293051 G261c 48805-10 25.06.2020   25.06.2020 Libro
    Dewey Decimal Classification Excluido de préstamo   Patrimonio Dominicano Biblioteca Nacional Pedro Henríquez Ureña Biblioteca Nacional Pedro Henríquez Ureña Depósito 12.04.2019   BNPHU PD 337.7293051 G261c 48805-20 25.06.2020 e. 2 25.06.2020 Libro

Powered by Koha